000 00885nas a2200289 4500
001 BR2011001203
003 BR-BrBNA
005 20231205114850.0
007 ta
008 230509b bl.|||p| |||| 00| 00por d
040 _aBR-BrBNA
_bpor
_cBiblioteca Nacional de Agricultura
041 _a(Pt)
072 _aF04
100 1 _aLinhares, P.C.F.
100 1 _aBezerro Neto, F.
100 1 _aMaracajá, P.B.
100 1 _aDuda, G.P.
100 1 _aSá, J.R. de
245 1 _aProdução de fitomassa e teores de macronutrientes da jitirana em diferentes estágios fenóligicos
650 _aADUBO VERDE
650 _aPLANTA DE COBERTURA
650 _aPERNAMBUCO
650 _aRIO GRANDE DO NORTE
773 0 _tRevista Caatinga (Brazil)
_xISSN 0100-316X
_g(Oct-Dec 2008), v. 21(4) p. 72-78
_wBR2011001203
909 _a202311
_bLúcia
_c55
_dLúcia Elande
942 _2AGRIS
_n0
_cANA
999 _c210908
_d210908